01000nam a2200229 a 450000100100000000500170001000800410002704000250006808200090009310000360010224000530013824501790019126000370037030000210040749000640042850000270049270000230051970000310054283000710057395201090064499900170075300003535120200930074258.0111027s1972 ag 000 0 spa d aDO-SdBNPbspacBNPHU axxxx1 aDreikurs, Rudolf,d1897-96113810aA parent´s guide to child disciplinelEspañol10aComo lograr la disciplina en el niño y en el adolescente. :bguía práctica para padres y maestros /cRudolf Dreikurs, Loren Grey ; versión castellana de Nora Wastson. aBuenos Aires :bPáidos,c1972. a198 p. ;c20 cm.1 aBiblioteca del educador contemporáneo .aSerie menorv156 aTraducido del inglés1 aGrey, Loren9611391 aWastson, Nora,etr.961140 0aBiblioteca del educador contemporáneo .pSerie menorv156961141 001050718MOaGRbGRcCTd2011-10-27iLF1l0oxxxx p35351-10r2020-06-25w2020-06-25y1ZNo se presta c34842d34842